<?xml version="1.0" encoding="UTF-8"?>
<record
    xmlns:xsi="http://www.w3.org/2001/XMLSchema-instance"
    xsi:schemaLocation="http://www.loc.gov/MARC21/slim http://www.loc.gov/standards/marcxml/schema/MARC21slim.xsd"
    xmlns="http://www.loc.gov/MARC21/slim">

  <leader>00735naa a2200205Ia 4500</leader>
  <controlfield tag="008">200107s2000    xx            000 0 und d</controlfield>
  <datafield tag="020" ind1=" " ind2=" ">
    <subfield code="a">0-7487-3560-7</subfield>
  </datafield>
  <datafield tag="082" ind1=" " ind2=" ">
    <subfield code="a">519.5</subfield>
    <subfield code="b">M17</subfield>
  </datafield>
  <datafield tag="083" ind1=" " ind2=" ">
    <subfield code="a">519.5 M17</subfield>
  </datafield>
  <datafield tag="099" ind1=" " ind2=" ">
    <subfield code="a">334</subfield>
  </datafield>
  <datafield tag="100" ind1="1" ind2=" ">
    <subfield code="a">McGil, Fiona</subfield>
    <subfield code="9">828</subfield>
  </datafield>
  <datafield tag="245" ind1="1" ind2="0">
    <subfield code="a">Statistics.</subfield>
  </datafield>
  <datafield tag="264" ind1=" " ind2=" ">
    <subfield code="a">Cheltenham</subfield>
    <subfield code="b">Stanley Thornes Pub. Ltd., </subfield>
    <subfield code="c">2000.</subfield>
  </datafield>
  <datafield tag="300" ind1=" " ind2=" ">
    <subfield code="a">554</subfield>
  </datafield>
  <datafield tag="520" ind1=" " ind2=" ">
    <subfield code="a">Teaches about statistics and features work that builds at GCSE, comprehensive and carefully graded teaching text and numerous example, worked solutions, techniques contextual exercises, and consolidated questions.</subfield>
  </datafield>
  <datafield tag="650" ind1=" " ind2=" ">
    <subfield code="a">Statistics</subfield>
    <subfield code="x">Study and teaching.</subfield>
    <subfield code="9">829</subfield>
  </datafield>
  <datafield tag="700" ind1="1" ind2=" ">
    <subfield code="a">Mclennan, Stewart</subfield>
    <subfield code="9">830</subfield>
  </datafield>
  <datafield tag="700" ind1="0" ind2=" ">
    <subfield code="a">Jane Migliorini</subfield>
    <subfield code="9">831</subfield>
  </datafield>
  <datafield tag="942" ind1=" " ind2=" ">
    <subfield code="2">ddc</subfield>
    <subfield code="c">BK</subfield>
  </datafield>
  <datafield tag="999" ind1=" " ind2=" ">
    <subfield code="c">334</subfield>
    <subfield code="d">334</subfield>
  </datafield>
  <datafield tag="952" ind1=" " ind2=" ">
    <subfield code="0">0</subfield>
    <subfield code="1">0</subfield>
    <subfield code="2">ddc</subfield>
    <subfield code="4">0</subfield>
    <subfield code="7">0</subfield>
    <subfield code="a">FOUNDATION</subfield>
    <subfield code="b">FOUNDATION</subfield>
    <subfield code="c">CIRC</subfield>
    <subfield code="d">2017-03-24</subfield>
    <subfield code="e">Donated</subfield>
    <subfield code="o">519.5 M17</subfield>
    <subfield code="p">60180</subfield>
    <subfield code="r">2022-02-23 00:00:00</subfield>
    <subfield code="w">2022-02-23</subfield>
    <subfield code="y">BK</subfield>
  </datafield>
</record>
